000 00635nam a2200217Ii 4500
003 JO-AjNU
008 230606s9999||||xx |||||||||||||| ||und||
020 _a978-13-504435-3/0-13-504435-9
040 _aJO-AjNU
_beng
_erda
_cJO-AjNU
041 _aeng
050 1 4 _aTA444.L44.2010
100 3 _aLimbrunner, George/Aghayere, Abi,
_eauthor
_94055
245 0 0 _aReinforced Concrete Design
250 _a7 ed
264 3 1 _aNew jersey:prentic hall,2010
300 _a531p
336 _atext
_btxt
_2rdacontent
337 _aunmediated
_bn
_2rdamedia
338 _avolume
_bnc
_2rdacarrier
650 4 _aReinforced Concrete Design
_94056
999 _aE2111
_c2110
_d2110